| 000 | 00819cam a2200277 i 4500 | ||
|---|---|---|---|
| 001 | 3630336 | ||
| 003 | OSt | ||
| 005 | 20230703162843.0 | ||
| 008 | 750102s1974 ke b 001 0 eng | ||
| 010 | _a 74195070 | ||
| 020 |
_a019572335X : _c$13.25 |
||
| 040 |
_aDLC _cDLC _dDLC |
||
| 043 | _af------ | ||
| 050 | 0 | 0 |
_aHV7138 _b.C55 |
| 082 | 0 | 0 |
_a364/.96 _bCLI |
| 100 | 1 |
_aClifford, W. _q(William), _d1918- |
|
| 245 | 1 | 3 |
_aAn introduction to African criminology / _cW. Clifford. |
| 260 |
_aNairobi : _bOxford University Press, _c1974. |
||
| 300 |
_axi, 226 p. ; _c23 cm. |
||
| 504 | _aIncludes bibliographical references and index. | ||
| 650 | 0 |
_aCrime _zAfrica. |
|
| 650 | 0 |
_aCriminals _xRehabilitation _zAfrica. |
|
| 650 | 0 | _aCriminology. | |
| 906 |
_a7 _bcbc _corignew _d2 _encip _f19 _gy-gencatlg |
||
| 942 |
_2ddc _cBK |
||
| 999 |
_c3511 _d3511 |
||